<?xml version="1.0" encoding="UTF-8"?>
<collection xmlns="http://www.loc.gov/MARC21/slim">
 <record>
  <leader>01394nam a2200337 a 4500</leader>
  <controlfield tag="001">3949</controlfield>
  <controlfield tag="003">BD-DhAAL</controlfield>
  <controlfield tag="005">20150311121839.0</controlfield>
  <controlfield tag="008">150311s1997    nyua     b    001 0 eng  </controlfield>
  <datafield tag="010" ind1=" " ind2=" ">
   <subfield code="a">   97001325 </subfield>
  </datafield>
  <datafield tag="020" ind1=" " ind2=" ">
   <subfield code="a">0471123838 (hardcover : alk. paper)</subfield>
  </datafield>
  <datafield tag="040" ind1=" " ind2=" ">
   <subfield code="a">DLC</subfield>
   <subfield code="c">DLC</subfield>
   <subfield code="d">DLC</subfield>
   <subfield code="d">BD-DhAAL</subfield>
  </datafield>
  <datafield tag="050" ind1="0" ind2="0">
   <subfield code="a">BF723.M54</subfield>
   <subfield code="b">P37 1997</subfield>
  </datafield>
  <datafield tag="082" ind1="0" ind2="0">
   <subfield code="a">649/.7</subfield>
   <subfield code="2">21</subfield>
  </datafield>
  <datafield tag="245" ind1="0" ind2="0">
   <subfield code="a">Parenting and children's internalization of values :</subfield>
   <subfield code="b">a handbook of contemporary theory /</subfield>
   <subfield code="c">edited by Joan E. Grusec, Leon Kuczynski.</subfield>
  </datafield>
  <datafield tag="260" ind1=" " ind2=" ">
   <subfield code="a">New York :</subfield>
   <subfield code="b">J. Wiley,</subfield>
   <subfield code="c">c1997.</subfield>
  </datafield>
  <datafield tag="300" ind1=" " ind2=" ">
   <subfield code="a">xxiv, 439 p. :</subfield>
   <subfield code="b">ill. ;</subfield>
   <subfield code="c">26 cm.</subfield>
  </datafield>
  <datafield tag="504" ind1=" " ind2=" ">
   <subfield code="a">Includes bibliographical references and indexes.</subfield>
  </datafield>
  <datafield tag="541" ind1=" " ind2=" ">
   <subfield code="e">3949</subfield>
  </datafield>
  <datafield tag="650" ind1=" " ind2="0">
   <subfield code="a">Moral development.</subfield>
   <subfield code="9">9408</subfield>
  </datafield>
  <datafield tag="650" ind1=" " ind2="0">
   <subfield code="a">Socialization.</subfield>
   <subfield code="9">8744</subfield>
  </datafield>
  <datafield tag="650" ind1=" " ind2="0">
   <subfield code="a">Parent and child.</subfield>
   <subfield code="9">9409</subfield>
  </datafield>
  <datafield tag="650" ind1=" " ind2="0">
   <subfield code="a">Child rearing.</subfield>
   <subfield code="9">9410</subfield>
  </datafield>
  <datafield tag="650" ind1=" " ind2="0">
   <subfield code="a">Parents</subfield>
   <subfield code="x">Attitudes.</subfield>
   <subfield code="9">9411</subfield>
  </datafield>
  <datafield tag="650" ind1=" " ind2="0">
   <subfield code="a">Social values.</subfield>
   <subfield code="9">9412</subfield>
  </datafield>
  <datafield tag="700" ind1="1" ind2=" ">
   <subfield code="a">Grusec, Joan E.</subfield>
   <subfield code="9">9413</subfield>
  </datafield>
  <datafield tag="700" ind1="1" ind2=" ">
   <subfield code="a">Kuczynski, Leon,</subfield>
   <subfield code="d">1950-</subfield>
   <subfield code="9">9414</subfield>
  </datafield>
  <datafield tag="942" ind1=" " ind2=" ">
   <subfield code="2">ddc</subfield>
   <subfield code="c">BK</subfield>
  </datafield>
  <datafield tag="999" ind1=" " ind2=" ">
   <subfield code="c">33976</subfield>
   <subfield code="d">33976</subfield>
  </datafield>
  <datafield tag="952" ind1=" " ind2=" ">
   <subfield code="0">0</subfield>
   <subfield code="1">0</subfield>
   <subfield code="2">ddc</subfield>
   <subfield code="4">0</subfield>
   <subfield code="6">649_700000000000000_PAR</subfield>
   <subfield code="7">0</subfield>
   <subfield code="9">53024</subfield>
   <subfield code="a">SCL</subfield>
   <subfield code="b">SCL</subfield>
   <subfield code="c">GEN</subfield>
   <subfield code="d">2015-03-11</subfield>
   <subfield code="e">Gift: The Asia Foundation</subfield>
   <subfield code="l">2</subfield>
   <subfield code="m">1</subfield>
   <subfield code="o">649.7 PAR</subfield>
   <subfield code="p">3020003949</subfield>
   <subfield code="r">2017-02-28</subfield>
   <subfield code="s">2017-02-14</subfield>
   <subfield code="t">1</subfield>
   <subfield code="w">2015-03-11</subfield>
   <subfield code="y">BK</subfield>
  </datafield>
  <datafield tag="952" ind1=" " ind2=" ">
   <subfield code="0">0</subfield>
   <subfield code="1">0</subfield>
   <subfield code="2">ddc</subfield>
   <subfield code="4">0</subfield>
   <subfield code="6">649_700000000000000_PAR</subfield>
   <subfield code="7">0</subfield>
   <subfield code="9">53025</subfield>
   <subfield code="a">SCL</subfield>
   <subfield code="b">SCL</subfield>
   <subfield code="c">GEN</subfield>
   <subfield code="d">2015-03-11</subfield>
   <subfield code="e">Gift: The Asia Foundation</subfield>
   <subfield code="l">0</subfield>
   <subfield code="o">649.7 PAR</subfield>
   <subfield code="p">3020003945</subfield>
   <subfield code="r">2015-03-11</subfield>
   <subfield code="t">2</subfield>
   <subfield code="w">2015-03-11</subfield>
   <subfield code="y">BK</subfield>
  </datafield>
 </record>
</collection>
